<?xml version="1.0" encoding="UTF-8"?>
<record
    xmlns:xsi="http://www.w3.org/2001/XMLSchema-instance"
    xsi:schemaLocation="http://www.loc.gov/MARC21/slim http://www.loc.gov/standards/marcxml/schema/MARC21slim.xsd"
    xmlns="http://www.loc.gov/MARC21/slim">

  <leader>01688nkc a22003017a 4500</leader>
  <controlfield tag="001">85827</controlfield>
  <controlfield tag="005">20260429094707.0</controlfield>
  <controlfield tag="007">kh bo </controlfield>
  <controlfield tag="008">260421s18901900sp ||||| |||| 00| 0 spa d</controlfield>
  <datafield tag="040" ind1=" " ind2=" ">
    <subfield code="a">M-RABA</subfield>
    <subfield code="b">spa</subfield>
    <subfield code="c">M-RABA</subfield>
  </datafield>
  <datafield tag="100" ind1="1" ind2=" ">
    <subfield code="a">Hauser y Menet</subfield>
    <subfield code="9">17939</subfield>
  </datafield>
  <datafield tag="245" ind1="1" ind2="1">
    <subfield code="a">[Busto en m&#xE1;rmol de D. Vicente L&#xF3;pez]</subfield>
    <subfield code="c">/ Hauser y Menet</subfield>
    <subfield code="h">[Material gr&#xE1;fico]</subfield>
  </datafield>
  <datafield tag="260" ind1=" " ind2=" ">
    <subfield code="a">: Madrid</subfield>
    <subfield code="b">: Hauser y Menet</subfield>
    <subfield code="c">[1890-1900]</subfield>
  </datafield>
  <datafield tag="300" ind1=" " ind2=" ">
    <subfield code="a">2 fotograf&#xED;as</subfield>
    <subfield code="b">: Fototipia</subfield>
    <subfield code="c">; 27,5 x 19 cm</subfield>
  </datafield>
  <datafield tag="500" ind1="0" ind2="0">
    <subfield code="a">Dos fototipias del busto de D. Vicente L&#xF3;pez, realizado por D. Jos&#xE9; Piquer realizado en 1874. Dicho busto fue donado a la Real Academia de Bellas Artes de San Fernando en 1876 por su nieto Vicente L&#xF3;pez y Terr&#xE9;n. (N&#xBA; de inventario: E-30).</subfield>
  </datafield>
  <datafield tag="500" ind1="0" ind2="0">
    <subfield code="a">Nota mecanografiada en el pie de la imagen: "Fototipia de Hauser y Menet. Madrid. D. Vicente L&#xF3;pez. Busto de m&#xE1;rmol por D. Jos&#xE9; Piquer. Real Academia de San Fernando".</subfield>
  </datafield>
  <datafield tag="500" ind1="0" ind2="0">
    <subfield code="a">Fecha tomada del periodo activo de Hauser y Menet.</subfield>
  </datafield>
  <datafield tag="600" ind1="1" ind2="7">
    <subfield code="a">L&#xF3;pez, Vicente (</subfield>
    <subfield code="d">1772-1850)</subfield>
    <subfield code="9">19128</subfield>
  </datafield>
  <datafield tag="600" ind1="1" ind2="7">
    <subfield code="a">Piquer y Duart, Jos&#xE9;</subfield>
    <subfield code="9">22981</subfield>
  </datafield>
  <datafield tag="610" ind1="2" ind2="4">
    <subfield code="a">Real Academia de Bellas Artes de San Fernando.</subfield>
    <subfield code="9">75832</subfield>
  </datafield>
  <datafield tag="651" ind1=" " ind2="7">
    <subfield code="a">Madrid (Comunidad Aut&#xF3;noma)</subfield>
    <subfield code="2">embne</subfield>
    <subfield code="9">75223</subfield>
  </datafield>
  <datafield tag="655" ind1=" " ind2="7">
    <subfield code="a">Fotograf&#xED;as de obras de arte</subfield>
    <subfield code="9">75675</subfield>
  </datafield>
  <datafield tag="710" ind1="2" ind2=" ">
    <subfield code="a">Hauser y Menet (Madrid)</subfield>
    <subfield code="9">50978</subfield>
  </datafield>
  <datafield tag="852" ind1=" " ind2=" ">
    <subfield code="j">Fot-727; Fot-728</subfield>
  </datafield>
  <datafield tag="856" ind1=" " ind2=" ">
    <subfield code="u">https://archivoybiblioteca.realacademiabellasartessanfernando.com/cgi-bin/koha/opac-retrieve-file.pl?id=15c6d15e74802a8b347299a1291ea2d6</subfield>
    <subfield code="y">Fot-727</subfield>
  </datafield>
  <datafield tag="856" ind1=" " ind2=" ">
    <subfield code="u">https://archivoybiblioteca.realacademiabellasartessanfernando.com/cgi-bin/koha/opac-retrieve-file.pl?id=9f17c6a9214cadf7e64c6d2f60aa4a54</subfield>
    <subfield code="y">Fot-728</subfield>
  </datafield>
  <datafield tag="942" ind1=" " ind2=" ">
    <subfield code="c">FOTOGRAF&#xCD;A</subfield>
    <subfield code="n">0</subfield>
  </datafield>
  <datafield tag="952" ind1=" " ind2=" ">
    <subfield code="0">0</subfield>
    <subfield code="1">0</subfield>
    <subfield code="2">ddc</subfield>
    <subfield code="4">0</subfield>
    <subfield code="7">0</subfield>
    <subfield code="8">FOTOGRAFIA</subfield>
    <subfield code="a">RABASF</subfield>
    <subfield code="b">RABASF</subfield>
    <subfield code="c">DP2</subfield>
    <subfield code="d">2026-04-21</subfield>
    <subfield code="l">0</subfield>
    <subfield code="o">Fot-727</subfield>
    <subfield code="p">1097050</subfield>
    <subfield code="r">2026-04-21 10:38:08</subfield>
    <subfield code="w">2026-04-21</subfield>
    <subfield code="y">FOTOGRAF&#xCD;A</subfield>
  </datafield>
  <datafield tag="952" ind1=" " ind2=" ">
    <subfield code="0">0</subfield>
    <subfield code="1">0</subfield>
    <subfield code="2">ddc</subfield>
    <subfield code="4">0</subfield>
    <subfield code="7">0</subfield>
    <subfield code="8">FOTOGRAFIA</subfield>
    <subfield code="a">RABASF</subfield>
    <subfield code="b">RABASF</subfield>
    <subfield code="c">DP2</subfield>
    <subfield code="d">2026-04-21</subfield>
    <subfield code="l">0</subfield>
    <subfield code="o">Fot-728</subfield>
    <subfield code="p">1097051</subfield>
    <subfield code="r">2026-04-21 10:38:40</subfield>
    <subfield code="w">2026-04-21</subfield>
    <subfield code="y">FOTOGRAF&#xCD;A</subfield>
  </datafield>
  <datafield tag="999" ind1=" " ind2=" ">
    <subfield code="c">85827</subfield>
    <subfield code="d">85827</subfield>
  </datafield>
</record>
